000 00982nam a2200325 a 4500
003 AR-BaBNM
005 20251128205744.0
008 082120s2002 ||||||||||||||000 | spa||
020 _a84-7432-346-0
040 _cAR-BaBNM
100 1 _aStrauss, Botho
245 0 0 _aCrítica teatral
_blas nuevas fronteras : análisis de los acontecimientos estéticos y políticos involucrados en la acción teatral
250 _a1ª ed.
260 _aBarcelona
_bGedisa
_c1989
300 _a230 p.
490 0 _aLiteratura y crítica literaria. Esquinas
500 _aContiene referencias bibliográficas en p. 227
650 4 _aCRITICA LITERARIA
650 4 _aTEATRO
650 4 _aESCRITORES
650 4 _aLITERATURA CONTEMPORANEA
650 4 _aLITERATURA ALEMANA
650 4 _aTEATRO POPULAR
653 _aVANGUARDIAS LITERARIAS
653 _aTEATRO DE VANGUARDIA
655 _aLITERATURA
700 1 _aPiechocki, Carlos
_etraductor
942 _cBK
998 _cMARTIN
999 _c12690
_d12690